[Event "Staufer op 34th"]
[Site "Schwaebisch Gmuend"]
[Date "2024.01.03"]
[Round "3"]
[White "Biedenkopf, Philipp"]
[Black "Seitz, Patrick"]
[Result "1/2-1/2"]
[WhiteElo "2050"]
[BlackElo "2240"]
[PlyCount "47"]
[EventDate "2024.01.02"]
[EventType "swiss"]
[EventRounds "9"]
[EventCountry "GER"]
[SourceTitle "CB02_2024"]
[SourceDate "2024.01.10"]
[SourceVersion "1"]
[SourceVersionDate "2024.01.10"]
[SourceQuality "1"]

1. Nf3 Nf6 2. c4 e6 3. b3 b6 4. g3 Bb7 5. Bg2 d5 6. e3 c5 7. cxd5 Nxd5 8. 0-0 Be7 9. Bb2 0-0 10. d4 Nd7 11. Nbd2 Nb4 12. Nc4 cxd4 13. Bxd4 Nc5 14. Qe2 Nc6 15. Rfd1 Nxd4 16. Nxd4 Qc8 17. Rac1 Bxg2 18. Kxg2 Qb7+ 19. Qf3 Qxf3+ 20. Kxf3 Rac8 21. Ne5 Bf6 22. Ndc6 a5 23. Rd6 Rc7 24. Ng4 1/2-1/2

[Event "Staufer op 34th"]
[Site "Schwaebisch Gmuend"]
[Date "2024.01.02"]
[Round "2"]
[White "Lesny, Florian"]
[Black "Biedenkopf, Philipp"]
[Result "1/2-1/2"]
[WhiteElo "2196"]
[BlackElo "2050"]
[PlyCount "85"]
[EventDate "2024.01.02"]
[EventType "swiss"]
[EventRounds "9"]
[EventCountry "GER"]
[SourceTitle "CB02_2024"]
[SourceDate "2024.01.10"]
[SourceVersion "1"]
[SourceVersionDate "2024.01.10"]
[SourceQuality "1"]

1. e4 c5 2. Nf3 e6 3. d4 cxd4 4. Nxd4 a6 5. Bd3 Bc5 6. Nb3 Be7 7. 0-0 d6 8. Be3 Nf6 9. c4 Nbd7 10. Nc3 Qc7 11. f3 b6 12. a4 Rb8 13. Rf2 Bb7 14. a5 bxa5 15. Nxa5 Ba8 16. Nb3 Bb7 17. Bf1 0-0 18. Rd2 Rfc8 19. Kh1 Bf8 20. Na5 Ba8 21. Bf4 Ne5 22. c5 Qxc5 23. Bxa6 Rd8 24. Qe2 Ng6 25. Be3 Qh5 26. Bb5 d5 27. Nc6 Bxc6 28. Bxc6 dxe4 29. Rxd8 Rxd8 30. Nxe4 Nxe4 31. Bxe4 Bd6 32. Bg1 Nf4 33. Qf1 g6 34. Rd1 Bc7 35. Rxd8+ Bxd8 36. g3 Nd5 37. f4 Bf6 38. b3 Nc3 39. Bf3 Qa5 40. Qc4 Qa1 41. Kg2 Nb1 42. Qc2 Na3 43. Qd2 1/2-1/2

[Event "Bavaria-ch 94th"]
[Site "Rosenheim"]
[Date "2023.08.24"]
[Round "6"]
[White "Ziemann, Ulrich"]
[Black "Biedenkopf, Philipp"]
[Result "1-0"]
[WhiteElo "1921"]
[BlackElo "1978"]
[PlyCount "61"]
[EventDate "2023.08.20"]
[EventType "tourn"]
[EventRounds "9"]
[EventCountry "GER"]
[SourceTitle "CBM 215 Extra"]
[Source "ChessBase"]
[SourceDate "2023.09.30"]
[SourceVersion "1"]
[SourceVersionDate "2023.09.30"]
[SourceQuality "1"]

1. d4 Nf6 2. Nf3 d5 3. g3 e6 4. Bg2 Be7 5. 0-0 0-0 6. c4 dxc4 7. Qc2 a6 8. Qxc4 b5 9. Qc2 Bb7 10. b3 Nbd7 11. Bb2 c5 12. e3 Rc8 13. Qe2 c4 14. bxc4 Rxc4 15. Nc3 Qa5 16. a4 Rxc3 17. axb5 Qc7 18. Bxc3 Qxc3 19. bxa6 Ba8 20. Rfc1 Qb4 21. Rab1 Qa5 22. Qb5 Qxb5 23. Rxb5 g6 24. a7 Kg7 25. Ne5 Bd6 26. Nxd7 Nxd7 27. Rc6 Ba3 28. Rc7 Bxg2 29. Kxg2 Nf6 30. Rb8 Nd5 31. Rc6 1-0

[Event "Bavaria-ch 94th"]
[Site "Rosenheim"]
[Date "2023.08.23"]
[Round "5"]
[White "Biedenkopf, Philipp"]
[Black "Kessler, Jan"]
[Result "0-1"]
[WhiteElo "1978"]
[BlackElo "2094"]
[PlyCount "120"]
[EventDate "2023.08.20"]
[EventType "tourn"]
[EventRounds "9"]
[EventCountry "GER"]
[SourceTitle "CBM 215 Extra"]
[Source "ChessBase"]
[SourceDate "2023.09.30"]
[SourceVersion "1"]
[SourceVersionDate "2023.09.30"]
[SourceQuality "1"]

1. Nf3 c5 2. c4 g6 3. Nc3 Bg7 4. g3 Nc6 5. Bg2 e5 6. d3 Nge7 7. Nd2 d6 8. Nf1 0-0 9. Ne3 Rb8 10. 0-0 Be6 11. Ned5 a6 12. Rb1 b5 13. e3 f5 14. Ne2 bxc4 15. dxc4 e4 16. Nef4 Bf7 17. b3 Nxd5 18. Nxd5 Ne5 19. Bb2 Nd3 20. Bxg7 Kxg7 21. Nc3 Ne5 22. Nd5 Qd7 23. Qd2 Rbd8 24. Rbd1 g5 25. Qc3 Bh5 26. f4 exf3 27. Bxf3 Bf7 28. Bg2 Bxd5 29. Rxd5 Qe7 30. Bh3 g4 31. Bg2 Kg6 32. e4 fxe4 33. Bxe4+ Kh6 34. Qd2+ Kg7 35. Rxf8 Rxf8 36. Rxd6 Nf7 37. Qc3+ Kg8 38. Bxh7+ Kxh7 39. Qd3+ Kh8 40. Rg6 Ne5 41. Rh6+ Kg8 42. Qd5+ Qf7 43. Qxf7+ Kxf7 44. Rxa6 Nf3+ 45. Kg2 Rh8 46. a3 Rxh2+ 47. Kf1 Rb2 48. b4 cxb4 49. axb4 Rxb4 50. c5 Rc4 51. c6 Rc2 52. Ra7+ Ke6 53. c7 Kf5 54. Rb7 Ne5 55. Ke1 Ke4 56. Kd1 Rc3 57. Ke2 Nf3 58. Rb4+ Nd4+ 59. Kd2 Rc2+ 60. Kd1 Rxc7 0-1

[Event "Bavaria-ch 94th"]
[Site "Rosenheim"]
[Date "2023.08.22"]
[Round "4"]
[White "Albert, Markus1111"]
[Black "Biedenkopf, Philipp"]
[Result "1-0"]
[WhiteElo "2256"]
[BlackElo "1978"]
[PlyCount "57"]
[EventDate "2023.08.20"]
[EventType "tourn"]
[EventRounds "9"]
[EventCountry "GER"]
[SourceTitle "CBM 215 Extra"]
[Source "ChessBase"]
[SourceDate "2023.09.30"]
[SourceVersion "1"]
[SourceVersionDate "2023.09.30"]
[SourceQuality "1"]

1. Nc3 d5 2. e4 d4 3. Nce2 e5 4. Ng3 Be6 5. b3 Nc6 6. Nf3 f6 7. Bc4 Bxc4 8. bxc4 d3 9. 0-0 g6 10. Rb1 Bc5 11. Rb3 dxc2 12. Qxc2 Nge7 13. Rd1 Nd4 14. Nxd4 Qxd4 15. d3 0-0-0 16. Rb5 Qd6 17. Be3 Bd4 18. Ne2 a6 19. Rb3 Nc6 20. c5 Qe6 21. Rdb1 Na5 22. Rb4 Qc6 23. Bxd4 exd4 24. Nxd4 Qe8 25. Ra4 Nc6 26. Qb2 Rxd4 27. Qxb7+ Kd7 28. Rxd4+ Nxd4 29. Qd5+ 1-0

[Event "Reykjavik op"]
[Site "Reykjavik"]
[Date "2023.04.01"]
[Round "5"]
[White "Pedersen, Sondre Andre"]
[Black "Biedenkopf, Philipp"]
[Result "1-0"]
[WhiteElo "1674"]
[BlackElo "1959"]
[PlyCount "159"]
[EventDate "2023.03.29"]
[EventType "swiss"]
[EventRounds "9"]
[EventCountry "ISL"]
[SourceTitle "CBM 213 Extra"]
[Source "ChessBase"]
[SourceDate "2023.05.31"]
[SourceVersion "1"]
[SourceVersionDate "2023.05.31"]
[SourceQuality "1"]

1. d4 Nf6 2. c4 e6 3. Nc3 Bb4 4. Qc2 c5 5. Nf3 cxd4 6. Nxd4 a6 7. g3 0-0 8. Bg2 Qc7 9. a3 Qxc4 10. axb4 Qxd4 11. b5 d5 12. 0-0 Nbd7 13. e4 dxe4 14. Nxe4 Nxe4 15. Bxe4 Nf6 16. Ra4 Qb6 17. Be3 Qxb5 18. Bd3 Qe8 19. Rh4 g6 20. Bd4 Qe7 21. Qd2 Nd5 22. Qh6 f6 23. Bc5 Qg7 24. Bxf8 Kxf8 25. Qxh7 f5 26. Rc1 Qxh7 27. Rxh7 Kg8 28. Rh4 Bd7 29. Rhc4 Bc6 30. f4 Kf7 31. Rc5 Kf6 32. Re1 Kf7 33. Re5 Kf6 34. h4 Kf7 35. Rc1 Kf6 36. Rce1 Nc7 37. Bc4 Re8 38. Bf1 Re7 39. b4 Re8 40. Bg2 Bxg2 41. Kxg2 Rd8 42. Rc5 Rd2+ 43. Kf3 Nd5 44. Rc8 Rd3+ 45. Kf2 Nxb4 46. Rb1 a5 47. Rc7 b6 48. Rb7 Rd6 49. h5 g5 50. h6 Nd5 51. fxg5+ Kxg5 52. h7 Rd8 53. Rh1 Rh8 54. Rg7+ Kf6 55. Rg8 Rxh7 56. Rxh7 b5 57. Ra8 a4 58. Rb7 Nc3 59. Ra5 Ne4+ 60. Kg2 Nd6 61. Rbxb5 Nxb5 62. Rxb5 e5 63. Kf3 a3 64. Ra5 f4 65. gxf4 exf4 66. Kxf4 a2 67. Rxa2 Ke6 68. Ra5 Kd6 69. Ke4 Kc6 70. Kd4 Kd6 71. Ra6+ Ke7 72. Kd5 Kf7 73. Ke5 Kg7 74. Kf5 Kf7 75. Ra7+ Ke8 76. Ke6 Kd8 77. Rh7 Kc8 78. Kd6 Kb8 79. Kc6 Ka8 80. Kb6 1-0

[Event "Reykjavik op"]
[Site "Reykjavik"]
[Date "2023.03.29"]
[Round "1"]
[White "Qiu, Andrew Yu"]
[Black "Biedenkopf, Philipp"]
[Result "0-1"]
[WhiteElo "1646"]
[BlackElo "1959"]
[PlyCount "160"]
[EventDate "2023.03.29"]
[EventType "swiss"]
[EventRounds "9"]
[EventCountry "ISL"]
[SourceTitle "CBM 213 Extra"]
[Source "ChessBase"]
[SourceDate "2023.05.31"]
[SourceVersion "1"]
[SourceVersionDate "2023.05.31"]
[SourceQuality "1"]

1. e4 c5 2. Nf3 e6 3. d4 cxd4 4. Nxd4 a6 5. Nc3 Qc7 6. a3 b5 7. Be3 Bb7 8. Bd3 Nf6 9. 0-0 d6 10. f4 Nbd7 11. Nb3 Be7 12. Qe2 0-0 13. h3 Rac8 14. g4 d5 15. e5 Ne4 16. Bxe4 dxe4 17. Rf2 Rfd8 18. Raf1 Bxa3 19. Nxb5 axb5 20. bxa3 Bd5 21. Ra1 Qc3 22. Rb1 Nf8 23. Kh2 Bc4 24. Qe1 Bxb3 25. Qxc3 Rxc3 26. Rxb3 Rxb3 27. cxb3 Rd3 28. Bc5 e3 29. Rf1 Ng6 30. Re1 e2 31. Rxe2 Rxh3+ 32. Kxh3 Nxf4+ 33. Kh2 Nxe2 34. a4 bxa4 35. bxa4 Nc3 36. a5 Nd5 37. Bd6 f6 38. a6 Kf7 39. a7 Nb6 40. Bc7 Na8 41. Bd6 h6 42. Kg3 f5 43. Kh4 g6 44. g5 h5 45. Kg3 Ke8 46. Kf4 Kd7 47. Bc5 Kc6 48. Bf2 Kb7 49. Kf3 Nc7 50. Ke2 Nb5 51. a8Q+ Kxa8 52. Kd3 Kb7 53. Kc4 Kc6 54. Bg3 Nc7 55. Bf2 Nd5 56. Bg3 Nb6+ 57. Kd4 Kb5 58. Bf2 Nd7 59. Bh4 Nb8 60. Ke3 Kc4 61. Kf4 Kd3 62. Bf2 Nc6 63. Bc5 Nd4 64. Bb6 Ne2+ 65. Kf3 Nc3 66. Be3 Kc4 67. Bd2 Nb5 68. Bc1 Kd5 69. Bb2 Na7 70. Kf4 Nc6 71. Bc3 h4 72. Be1 h3 73. Kg3 Ke4 74. Kxh3 Nxe5 75. Bc3 Nf7 76. Bf6 Kf3 77. Kh4 e5 78. Kh3 e4 79. Kh2 Kg4 80. Kg2 Nxg5 0-1

[Event "Mittelfrank Regionalliga Sud-Ost 2122"]
[Site "Mittelfranken"]
[Date "2022.05.15"]
[Round "5.8"]
[White "Biedenkopf, Philipp"]
[Black "Richter, Klaus"]
[Result "1-0"]
[WhiteElo "1911"]
[BlackElo "1939"]
[PlyCount "73"]
[EventDate "2021.10.24"]
[EventType "team-tourn"]
[EventRounds "9"]
[EventCountry "GER"]
[SourceTitle "EXT 2024"]
[Source "ChessBase"]
[SourceDate "2023.10.10"]
[SourceVersion "1"]
[SourceVersionDate "2023.10.10"]
[SourceQuality "1"]
[WhiteTeam "Passau II"]
[BlackTeam "Neuburg"]
[WhiteTeamCountry "GER"]
[BlackTeamCountry "GER"]

1. d4 Nf6 2. c4 g6 3. Nc3 Bg7 4. e4 d6 5. f3 0-0 6. Nge2 c5 7. d5 e6 8. Ng3 exd5 9. cxd5 h5 10. Be2 a6 11. a4 Nh7 12. Be3 b6 13. 0-0 h4 14. Nh1 f5 15. exf5 gxf5 16. f4 Re8 17. Bf2 Nd7 18. Bh5 Rf8 19. Qd3 Qf6 20. Qh3 Qh6 21. Qxh4 Bd4 22. Bf7+ Kg7 23. Qxh6+ Kxh6 24. Be6 Ndf6 25. Rad1 Bxc3 26. bxc3 Bxe6 27. dxe6 Ne4 28. Ng3 Nhf6 29. Nxf5+ Kg6 30. Nxd6 Nxc3 31. f5+ Kg7 32. Rd3 Ne2+ 33. Kh1 Rfd8 34. e7 Rh8 35. Bg3 c4 36. Re3 Nh5 37. Be5+ 1-0

[Event "Mittelfrank Regionalliga Sud-Ost 2122"]
[Site "Mittelfranken"]
[Date "2022.04.03"]
[Round "7.8"]
[White "Biedenkopf, Philipp"]
[Black "Guertler, Armin"]
[Result "1-0"]
[WhiteElo "1911"]
[BlackElo "1775"]
[PlyCount "93"]
[EventDate "2021.10.24"]
[EventType "team-tourn"]
[EventRounds "9"]
[EventCountry "GER"]
[SourceTitle "EXT 2024"]
[Source "ChessBase"]
[SourceDate "2023.10.10"]
[SourceVersion "1"]
[SourceVersionDate "2023.10.10"]
[SourceQuality "1"]
[WhiteTeam "Passau II"]
[BlackTeam "Ingolstadt"]
[WhiteTeamCountry "GER"]
[BlackTeamCountry "GER"]

1. d4 Nf6 2. c4 g6 3. Nc3 Bg7 4. e4 d6 5. f3 0-0 6. Nge2 c5 7. d5 e6 8. Ng3 h5 9. Be2 exd5 10. cxd5 Re8 11. 0-0 Nbd7 12. Bg5 Qa5 13. Qd2 c4 14. a4 a6 15. Be3 Ne5 16. h3 Qb4 17. a5 Bd7 18. Nh1 Bb5 19. Nf2 Nfd7 20. Nxb5 Qxd2 21. Bxd2 axb5 22. f4 Nd3 23. Nxd3 cxd3 24. Bxd3 Nc5 25. Bxb5 Rxe4 26. Bc3 Bxc3 27. bxc3 Nb3 28. Ra2 Rxa5 29. Rxa5 Nxa5 30. f5 g5 31. f6 Re5 32. c4 b6 33. Ba6 Re4 34. Rf5 Re5 35. Rxe5 dxe5 36. d6 Nc6 37. Bb7 Nd8 38. Be4 Kf8 39. Bf5 Ke8 40. d7+ Kf8 41. Kf2 Kg8 42. Ke3 Nb7 43. Ke4 g4 44. Kxe5 gxh3 45. gxh3 h4 46. Kd5 b5 47. cxb5 1-0

[Event "Mittelfrank Regionalliga Sud-Ost 2122"]
[Site "Mittelfranken"]
[Date "2021.11.14"]
[Round "2.8"]
[White "Haase, Moritz"]
[Black "Biedenkopf, Philipp"]
[Result "0-1"]
[WhiteElo "1519"]
[BlackElo "1911"]
[PlyCount "86"]
[EventDate "2021.10.24"]
[EventType "team-tourn"]
[EventRounds "9"]
[EventCountry "GER"]
[SourceTitle "EXT 2024"]
[Source "ChessBase"]
[SourceDate "2023.10.10"]
[SourceVersion "1"]
[SourceVersionDate "2023.10.10"]
[SourceQuality "1"]
[WhiteTeam "Freising"]
[BlackTeam "Passau II"]
[WhiteTeamCountry "GER"]
[BlackTeamCountry "GER"]

1. d4 Nf6 2. Nc3 d5 3. Bf4 c5 4. e3 cxd4 5. exd4 a6 6. Bd3 Nc6 7. Nge2 e6 8. a3 Be7 9. Qd2 Bd7 10. 0-0 0-0 11. h3 Rc8 12. Rfe1 Na5 13. b3 Nc6 14. b4 Na7 15. Ng3 Nb5 16. Nxb5 Bxb5 17. Bxb5 axb5 18. Qe2 Rc4 19. Nf5 Ne4 20. Nxe7+ Qxe7 21. f3 Nd6 22. Qe5 Nc8 23. Re2 Qf6 24. Qxf6 gxf6 25. Rd1 Rd8 26. Bh6 Ne7 27. g4 Rdc8 28. Rdd2 Rc3 29. Re3 Rxc2 30. Rxc2 Rxc2 31. Rd3 Nc6 32. Bd2 Kg7 33. Kf2 Nb8 34. Ke3 Nd7 35. Rc3 Rxc3+ 36. Bxc3 Nb6 37. Kd3 Nc4 38. f4 Kg6 39. Bd2 Nxa3 40. Be1 f5 41. Bh4 Nc4 42. Bf2 fxg4 43. hxg4 h5 0-1